Expressions : Meaningful English communication
Enregistré dans:
| Auteur principal: | |
|---|---|
| Format: | Livre |
| Langue: | Undetermined |
| Publié: |
Australia
Heinle & Heinle
2001
|
| Sujets: | |
| Tags: |
Ajouter un tag
Pas de tags, Soyez le premier à ajouter un tag!
|
| Thư viện lưu trữ: | Trung tâm Học liệu Trường Đại học Cần Thơ |
|---|
| LEADER | 00564nam a2200217Ia 4500 | ||
|---|---|---|---|
| 001 | CTU_95379 | ||
| 008 | 210402s9999 xx 000 0 und d | ||
| 020 | |c 284000 | ||
| 082 | |a 428.24 | ||
| 082 | |b N972/B.2 | ||
| 100 | |a Nunan, David | ||
| 245 | 0 | |a Expressions : | |
| 245 | 0 | |b Meaningful English communication | |
| 245 | 0 | |c David Nunan | |
| 260 | |a Australia | ||
| 260 | |b Heinle & Heinle | ||
| 260 | |c 2001 | ||
| 650 | |a English language | ||
| 650 | |x Study and teaching | ||
| 904 | |i Vương | ||
| 980 | |a Trung tâm Học liệu Trường Đại học Cần Thơ | ||